| Поле | Название | Значение |
| |
Тип записи |
a |
| |
Библиографический уровень |
m |
| 001 |
Контрольный номер |
a169435c5aa94093927a36d24f577805 |
| 005 |
Дата корректировки |
20140606101807.0 |
| 101 |
Язык документа |
0_ |
| a |
Язык текста |
rus |
| 102 |
Страна публикации |
__ |
| a |
Страна публикации |
RU |
| 200 |
Заглавие и сведения об ответственности |
1_ |
| a |
Заглавие |
Предпринимательство: сущность, формы, пути развития |
| e |
Сведения, относящиеся к заглавию |
монография |
| f |
Первые сведения об ответственности |
С. Б. Казаков |
| g |
Последующие сведения об ответственности |
Чебоксар. кооп. ин-т |
| 210 |
Выходные данные |
1_ |
| c |
Издательство |
ЧКИ РУК |
| a |
Место издания |
Чебоксары |
| d |
Дата издания |
2007 |
| 215 |
Физическое описание |
__ |
| a |
Объем |
181, [3] с. |
| 607 |
Географические рубрики |
__ |
| a |
Географическое наименование |
филиал |
| b |
|
Чебоксары |
| 610 |
Ключевые слова |
0_ |
| a |
Ключевые слова |
предпринимательство |
| 610 |
Ключевые слова |
0_ |
| a |
Ключевые слова |
история предпринимательства |
| 610 |
Ключевые слова |
0_ |
| a |
Ключевые слова |
российское предпринимательство |
| 610 |
Ключевые слова |
0_ |
| a |
Ключевые слова |
зарубежный опыт |
| 610 |
Ключевые слова |
0_ |
| a |
Ключевые слова |
малое предпринимательство |
| 610 |
Ключевые слова |
0_ |
| a |
Ключевые слова |
малые предприятия |
| 610 |
Ключевые слова |
0_ |
| a |
Ключевые слова |
малый бизнес |
| 610 |
Ключевые слова |
0_ |
| a |
Ключевые слова |
россия |
| 610 |
Ключевые слова |
0_ |
| a |
Ключевые слова |
чувашия |
| 610 |
Ключевые слова |
0_ |
| a |
Ключевые слова |
монография |
| 686 |
Индексы других классификаций |
__ |
| a |
Классификационный индекс |
65.9(2)09 |
| 2 |
Код системы |
rubbk |
| 700 |
Автор |
_1 |
| a |
Фамилия |
Казаков |
| b |
Имя |
С. Б. |
| g |
Полное личное имя |
Сергей Борисович |
| 711 |
Наименование организации. (Альтернативная ответственность) |
02 |
| a |
Организация/ юрисдикция |
Чебоксар. кооп. ин-т |
| 801 |
Источник записи |
_0 |
| a |
Страна |
RU |
| b |
Организация |
РУК |
| c |
Дата составления |
20080123 |
| g |
Правила каталогизации |
PSBO |
| 801 |
Источник записи |
_1 |
| a |
Страна |
RU |
| b |
Организация |
РУК |
| c |
Дата составления |
20080123 |
| g |
Правила каталогизации |
PSBO |
| 852 |
Данные о местонахождении |
__ |
| j |
Шифр хранения |
ББК 65.9(2)09 |
| i |
Авторский знак |
К 14 |
| 901 |
Тип документа |
__ |
| t |
Тип документа |
m |
| 938 |
Служебная информация |
__ |
| a |
Название организации |
Головной вуз |
| b |
Имя БД |
BOOK |
| c |
Название АИБС |
АИБС ИРБИС |